BIBLIOTECA

SENCICO

Técnicas de laboratorio para pruebas de materiales (Registro nro. 766)

Detalles MARC
000 -LEADER
fixed length control field 00813nam a2200241Ia 4500
005 - DATE AND TIME OF LATEST TRANSACTION
control field 20251020182448.0
008 - FIXED-LENGTH DATA ELEMENTS--GENERAL INFORMATION
fixed length control field 200515s9999 xx 000 0 und d
082 ## - DEWEY DECIMAL CLASSIFICATION NUMBER
Classification number 620.1.62/K48-T
100 ## - MAIN ENTRY--PERSONAL NAME
Personal name Keyser, Carl A.
245 #0 - TITLE STATEMENT
Title Técnicas de laboratorio para pruebas de materiales
250 ## - EDITION STATEMENT
Edition statement 1a ed.
260 ## - PUBLICATION, DISTRIBUTION, ETC.
Place of publication, distribution, etc. México, D.F.
260 ## - PUBLICATION, DISTRIBUTION, ETC.
Name of publisher, distributor, etc. LIMUSA-WILEY
260 ## - PUBLICATION, DISTRIBUTION, ETC.
Date of publication, distribution, etc. 1972
300 ## - PHYSICAL DESCRIPTION
Extent 98
300 ## - PHYSICAL DESCRIPTION
Other physical details tbl., graf.
500 ## - GENERAL NOTE
General note 1 ejemplar
520 ## - SUMMARY, ETC.
Summary, etc. Abarca doce experimentos elegidas, con el objeto de ilustrar, los procedimientos empleados en las pruebas de materiales, así como los métodos para interpretar los resultados que se obtienen en ellas. Debido a su exposición eminentemente didáctica y lo bás
650 ## - SUBJECT ADDED ENTRY--TOPICAL TERM
Topical term or geographic name entry element ESTRUCTURAS
650 ## - SUBJECT ADDED ENTRY--TOPICAL TERM
Topical term or geographic name entry element INGENIERIA
942 ## - ADDED ENTRY ELEMENTS (KOHA)
Koha item type Libros
Existencias
Fecha de la última vez que lo usaron Pago total Signatura topográfica completa Código de barras Precio efectivo desde Tipo de documento Estado perdido Estado dañado No es para préstamo Retirado Ubicación permanente Ubicación actual Fecha de adquisición
15/05/2020   620.1.62/K48-T Bib-Lima15050766 15/05/2020 Libros         Biblioteca Central Lima Biblioteca Central Lima 15/05/2020